000 00713nam a2200253 i 4500
001 14802
003 ES-MaACL
005 20240223093410.0
007 t|
008 990610s1968 fr ||||1| fre d
080 _a929 Lenin, Vladimir Ill'ich
080 _a330.85
100 1 _aGaraudy, Roger.
_953935
245 1 0 _aLénine /
_cpar Roger Garaudy.
260 _aParis :
_bPresses Universitaires de France,
_c1968.
300 _a107 p. ;
_c18 cm.
490 1 _aPhilosophes
600 1 4 _aLenin, Vladimir Il'ich,
_d1870-1924
_971523
650 1 4 _aLeninismo.
_914370
830 0 _aPhilosophes
_9228538
852 _aES-MaACL
_jL-21893
_bR.127262
942 _2udc
999 _c14802
_d14802